[Event "20th 4NCL Congress"]
[Site "Nottingham"]
[Date "2018.09.29"]
[Round "3"]
[Board "12"]
[White "Tombolis, Christopher"]
[Black "Dahl, Baard"]
[Result "1-0"]
[WhiteElo "1882"]
[BlackElo "2113"]
[PlyCount "91"]
[EventDate "2018.09.28"]
[EventRounds "5"]
[EventCountry "ENG"]

1. e4 e5 2. Nf3 Nc6 3. Bc4 Bc5 4. c3 Nf6 5. d3 O-O 6. O-O d5 7. exd5 Nxd5 8.
Bb3 Bg4 9. h3 Bh5 10. Bc2 a5 11. Nbd2 f5 12. Qe1 Qf6 13. Bb3 Rad8 14. Nh2 a4
15. Bc4 Kh8 16. Ndf3 h6 17. Bb5 Nde7 18. Be3 Bxe3 19. fxe3 Na7 20. Bxa4 Rxd3
21. Bc2 Rdd8 22. g4 fxg4 23. hxg4 Bf7 24. g5 Qe6 25. Qg3 Nac6 26. Ng4 Bh5 27.
Nfxe5 Nxe5 28. Nxe5 Nf5 29. Qf4 Rd5 30. Bb3 Qxe5 31. Bxd5 Qxd5 32. e4 Qc5+ 33.
Qf2 Qe7 34. exf5 Qxg5+ 35. Qg2 Rxf5 36. Rxf5 Qxf5 37. Rf1 Qc5+ 38. Rf2 c6 39.
Qh3 Bf7 40. Qc8+ Kh7 41. Qg4 Bxa2 42. Qe4+ Kg8 43. b4 Qg5+ 44. Qg2 Qxg2+ 45.
Kxg2 b5 46. Rxa2  1-0

[Event "20th 4NCL Congress"]
[Site "Nottingham"]
[Date "2018.09.29"]
[Round "3"]
[Board "13"]
[White "Hynes, A M (Tony)"]
[Black "Wells, Jonathan C"]
[Result "1-0"]
[WhiteElo "2093"]
[BlackElo "1969"]
[PlyCount "35"]
[EventDate "2018.09.28"]
[EventRounds "5"]
[EventCountry "ENG"]

1. e4 c5 2. Nf3 e6 3. d4 cxd4 4. Nxd4 Nf6 5. Nc3 d6 6. Be3 Be7 7. f3 a6 8. Qd2
O-O 9. O-O-O Nc6 10. g4 Qc7 11. h4 Nd7 12. h5 Nde5 13. Be2 b5 14. a3 b4 15.
Nxc6 Nxc6 16. axb4 Nxb4 17. h6 g6 18. Qd4  1-0

[Event "20th 4NCL Congress"]
[Site "Nottingham"]
[Date "2018.09.29"]
[Round "3"]
[Board "14"]
[White "Waterfield, Mark Bw"]
[Black "Waller, Dan"]
[Result "0-1"]
[WhiteElo "1675"]
[BlackElo "2092"]
[PlyCount "64"]
[EventDate "2018.09.28"]
[EventRounds "5"]
[EventCountry "ENG"]

1. d4 f5 2. e4 fxe4 3. Nc3 Nf6 4. Bg5 Nc6 5. Bxf6 exf6 6. Bc4 Bb4 7. Qg4 Bxc3+
8. bxc3 Qe7 9. Ne2 g6 10. Qg3 Kd8 11. O-O Na5 12. Bb3 Nxb3 13. axb3 d6 14. c4
c6 15. Nc3 f5 16. Rfe1 Qf6 17. Qe3 Bd7 18. Ne2 g5 19. c3 Re8 20. Qd2 f4 21. Qb2
Kc7 22. b4 e3 23. f3 g4 24. fxg4 Bxg4 25. Rf1 f3 26. gxf3 Bh3 27. Rfe1 h5 28.
Ng3 h4 29. b5 hxg3 30. hxg3 Qxf3 31. Kh2 Rh8 32. bxc6 Bg2+  0-1

[Event "20th 4NCL Congress"]
[Site "Nottingham"]
[Date "2018.09.29"]
[Round "3"]
[Board "15"]
[White "Ross, Stuart"]
[Black "French, Max"]
[Result "0-1"]
[WhiteElo "1608"]
[BlackElo "2074"]
[PlyCount "74"]
[EventDate "2018.09.28"]
[EventRounds "5"]
[EventCountry "ENG"]

1. e4 c6 2. d4 d5 3. Nc3 dxe4 4. Nxe4 Bf5 5. Ng3 Bg6 6. h4 h6 7. Nf3 Nd7 8. h5
Bh7 9. Bd3 Bxd3 10. Qxd3 e6 11. Bd2 Ngf6 12. O-O-O Be7 13. Kb1 O-O 14. Ne4 Nxe4
15. Qxe4 Nf6 16. Qe2 Qd5 17. Ne5 Qe4 18. Qxe4 Nxe4 19. Be1 Rfd8 20. f3 Nf6 21.
Bf2 Rac8 22. g4 Nd5 23. Rhe1 b5 24. Nd3 Bg5 25. Nc5 Nb6 26. Ne4 Be7 27. Bg3 Rd5
28. Nc3 Rd7 29. Re4 Rcd8 30. Ne2 Nd5 31. c3 a5 32. Re1 a4 33. Kc2 Nb6 34. Be5
f5 35. gxf5 exf5 36. Rf4 Nd5 37. Rg1 Bg5  0-1

[Event "20th 4NCL Congress"]
[Site "Nottingham"]
[Date "2018.09.29"]
[Round "3"]
[Board "16"]
[White "Middleton, Paul G"]
[Black "Burnett, Jim"]
[Result "1-0"]
[WhiteElo "1552"]
[BlackElo "2062"]
[PlyCount "53"]
[EventDate "2018.09.28"]
[EventRounds "5"]
[EventCountry "ENG"]

1. e4 e6 2. d4 d5 3. Nd2 c5 4. exd5 Qxd5 5. Ngf3 cxd4 6. Bc4 Qd6 7. O-O Nf6 8.
Nb3 Nc6 9. Nbxd4 Nxd4 10. Nxd4 a6 11. Bb3 Qc7 12. Re1 Bd6 13. Bg5 Bxh2+ 14. Kh1
Bf4 15. Bxf6 gxf6 16. Qh5 O-O 17. g3 Be5 18. Re4 f5 19. Rh4 Rd8 20. Qxh7+ Kf8
21. c3 b5 22. Re1 Bb7+ 23. Kg1 Bd5 24. g4 Bxb3 25. axb3 fxg4 26. Rxg4 Ke7 27.
Rxe5  1-0

[Event "20th 4NCL Congress"]
[Site "Nottingham"]
[Date "2018.09.29"]
[Round "3"]
[Board "17"]
[White "Furness, Robert M"]
[Black "Leck, Gerrit"]
[Result "1-0"]
[WhiteElo "2042"]
[BlackElo "1932"]
[PlyCount "75"]
[EventDate "2018.09.28"]
[EventRounds "5"]
[EventCountry "ENG"]

1. c4 c5 2. Nc3 Nc6 3. g3 g6 4. Bg2 Bg7 5. a3 e6 6. b4 d6 7. bxc5 dxc5 8. Bxc6+
bxc6 9. Qc2 Nf6 10. d3 O-O 11. Nf3 Re8 12. O-O e5 13. Be3 Bf8 14. Rfb1 Qc7 15.
Bg5 Nh5 16. Qc1 f5 17. Ra2 e4 18. Ne1 Bd6 19. dxe4 f4 20. g4 Bxg4 21. f3 Be6
22. Nd1 Qg7 23. Nd3 Qd4+ 24. e3 Qxc4 25. Rc2 Qxd3 26. Rd2 Qa6 27. Rxd6 Qa5 28.
Qc3 Qa6 29. exf4 Bh3 30. Nf2 Rab8 31. Rbd1 Be6 32. Ng4 Bxg4 33. fxg4 Ng7 34.
Rd7 Ne6 35. Bh6 Rb7 36. f5 Qe2 37. fxe6 Qxg4+ 38. Kf1  1-0

[Event "20th 4NCL Congress"]
[Site "Nottingham"]
[Date "2018.09.29"]
[Round "3"]
[Board "18"]
[White "Barnes, Michael H"]
[Black "Jukes, Sam"]
[Result "1-0"]
[WhiteElo "2184"]
[BlackElo "1863"]
[PlyCount "59"]
[EventDate "2018.09.28"]
[EventRounds "5"]
[EventCountry "ENG"]

1. d4 Nf6 2. Nf3 d5 3. c4 e6 4. Nc3 Be7 5. Bf4 b6 6. h3 O-O 7. e3 Bb7 8. Rc1 c5
9. Bd3 Nc6 10. O-O Rc8 11. cxd5 exd5 12. Bf5 Ra8 13. Ne5 g6 14. Bd3 cxd4 15.
Nxc6 Bxc6 16. exd4 Rc8 17. Ba6 Ra8 18. Nb5 Bxb5 19. Bxb5 Rc8 20. Bh6 Ne4 21.
Bxf8 Bxf8 22. Bd3 Ng5 23. Rxc8 Qxc8 24. Qb3 Bd6 25. Qxd5 Qd8 26. f4 Ne6 27. Bc4
Qd7 28. f5 Nxd4 29. Qa8+ Kg7 30. fxg6  1-0

[Event "20th 4NCL Congress"]
[Site "Nottingham"]
[Date "2018.09.29"]
[Round "3"]
[Board "19"]
[White "Moore, Geoffrey R"]
[Black "Munshi, Aditya"]
[Result "0-1"]
[WhiteElo "1985"]
[BlackElo "2133"]
[PlyCount "56"]
[EventDate "2018.09.28"]
[EventRounds "5"]
[EventCountry "ENG"]

1. e4 c6 2. d4 d5 3. e5 Bf5 4. Nf3 e6 5. Be2 c5 6. O-O Nc6 7. c3 Bg6 8. a3 cxd4
9. cxd4 Nge7 10. b4 a6 11. Nbd2 Nf5 12. Nb3 Be7 13. Bb2 O-O 14. Qd2 Qd7 15.
Rad1 b6 16. h3 Qb7 17. g4 Nh4 18. Ne1 f6 19. f4 Rf7 20. exf6 Rxf6 21. Qe3 Raf8
22. Qg3 R6f7 23. Nd3 Be4 24. Rf2 Ng6 25. Rdf1 Bh4 26. Qe3 Bxf2+ 27. Nxf2 Nxf4
28. Nxe4 Nxe2+  0-1

[Event "20th 4NCL Congress"]
[Site "Nottingham"]
[Date "2018.09.29"]
[Round "3"]
[Board "20"]
[White "Agnew, Alan"]
[Black "Cusick, Peter W"]
[Result "1/2-1/2"]
[WhiteElo "2086"]
[BlackElo "1985"]
[PlyCount "40"]
[EventDate "2018.09.28"]
[EventRounds "5"]
[EventCountry "ENG"]

1. d4 Nf6 2. c4 e6 3. Nc3 Bb4 4. e3 b6 5. Nge2 Ba6 6. a3 Bxc3+ 7. Nxc3 d5 8.
Qa4+ c6 9. cxd5 Bxf1 10. Kxf1 Nxd5 11. e4 Nxc3 12. bxc3 O-O 13. g3 b5 14. Qb3
Nd7 15. a4 a6 16. Kg2 Nb6 17. axb5 axb5 18. Ba3 Re8 19. Rhd1 Qd7 20. Bc5 Nc4
 1/2-1/2

[Event "20th 4NCL Congress"]
[Site "Nottingham"]
[Date "2018.09.29"]
[Round "3"]
[Board "21"]
[White "Seymour, Timothy P"]
[Black "Kramaley, David"]
[Result "1-0"]
[WhiteElo "2043"]
[BlackElo "1849"]
[PlyCount "63"]
[EventDate "2018.09.28"]
[EventRounds "5"]
[EventCountry "ENG"]

1. Nf3 d5 2. e3 Nf6 3. c4 e6 4. b3 Be7 5. Bb2 O-O 6. Nc3 c5 7. cxd5 exd5 8. d4
Nc6 9. Be2 Bg4 10. dxc5 Bxc5 11. O-O Re8 12. h3 Bf5 13. Rc1 Bb6 14. Nb5 Ne4 15.
Nfd4 Bd7 16. Bd3 Qg5 17. Nf3 Qh6 18. Bxe4 dxe4 19. Qxd7 exf3 20. Qxb7 fxg2 21.
Kxg2 Qg5+ 22. Kh2 Na5 23. Qg2 Qxg2+ 24. Kxg2 Rad8 25. Nd4 f6 26. b4 Nb7 27. a4
Rd7 28. a5 Bc7 29. Nb5 Bb8 30. Rfd1 Rf7 31. a6 Nd8 32. Rc8  1-0

[Event "20th 4NCL Congress"]
[Site "Nottingham"]
[Date "2018.09.29"]
[Round "3"]
[Board "22"]
[White "Ackley, Peter Je"]
[Black "Dias, Savin"]
[Result "1-0"]
[WhiteElo "2019"]
[BlackElo "1693"]
[PlyCount "69"]
[EventDate "2018.09.28"]
[EventRounds "5"]
[EventCountry "ENG"]

1. g3 c5 2. Bg2 g6 3. c4 Bg7 4. Nc3 Nc6 5. Nf3 d6 6. O-O e5 7. a3 Nge7 8. Rb1
a5 9. Ne1 O-O 10. Nc2 Be6 11. Ne3 f5 12. Ned5 e4 13. d3 exd3 14. exd3 Bxd5 15.
Nxd5 Nxd5 16. Bxd5+ Kh8 17. Kg2 Qd7 18. Bd2 b6 19. Qa4 Rac8 20. Rfe1 Ne5 21.
Qxd7 Nxd7 22. Re7 Ne5 23. Bc3 Bf6 24. Re6 Rcd8 25. Rxf6 Rxf6 26. f4 Nd7 27. Re1
Kg7 28. Re7+ Kh6 29. Rxd7 Rxd7 30. Bxf6 Ra7 31. h3 Rc7 32. g4 fxg4 33. hxg4 Rc8
34. g5+ Kh5 35. Kg3  1-0

[Event "20th 4NCL Congress"]
[Site "Nottingham"]
[Date "2018.09.29"]
[Round "3"]
[Board "23"]
[White "Fletcher, John T"]
[Black "Hadi, Justin"]
[Result "1/2-1/2"]
[WhiteElo "2002"]
[BlackElo "2030"]
[PlyCount "65"]
[EventDate "2018.09.28"]
[EventRounds "5"]
[EventCountry "ENG"]

1. d4 Nf6 2. Nc3 d5 3. Bg5 c5 4. e3 Nc6 5. Nf3 e6 6. Be2 cxd4 7. exd4 Be7 8.
O-O O-O 9. a3 Bd7 10. Qd3 Be8 11. Rfe1 Nd7 12. Bxe7 Qxe7 13. Qe3 Qf6 14. Bd3 h6
15. Nb5 Rc8 16. Nd6 Rc7 17. Nb5 Rc8 18. Nd6 Rc7 19. c3 a6 20. c4 dxc4 21. Nxc4
Qd8 22. Rac1 Nf6 23. Nce5 Nd5 24. Qe4 g6 25. Nxc6 Bxc6 26. Qe5 Qf6 27. Rc5 Qxe5
28. Nxe5 Bb5 29. Bxb5 Rxc5 30. dxc5 axb5 31. Rc1 Ra8 32. c6 bxc6 33. Nxc6
 1/2-1/2

[Event "20th 4NCL Congress"]
[Site "Nottingham"]
[Date "2018.09.29"]
[Round "3"]
[Board "24"]
[White "Yoon, Jacob D"]
[Black "Collinson, Mark I"]
[Result "1-0"]
[WhiteElo "2017"]
[BlackElo "2027"]
[PlyCount "63"]
[EventDate "2018.09.28"]
[EventRounds "5"]
[EventCountry "ENG"]

1. d4 Nf6 2. Nc3 g6 3. e4 d6 4. Be3 c6 5. Qd2 Nbd7 6. h3 b5 7. a3 Bb7 8. f4 a6
9. e5 Nd5 10. Nxd5 cxd5 11. exd6 Nf6 12. dxe7 Bxe7 13. Bd3 Ne4 14. Bxe4 dxe4
15. Ne2 f5 16. O-O-O Bd5 17. g4 a5 18. gxf5 gxf5 19. Ng3 Rf8 20. Qe2 Qd7 21.
Qh5+ Kd8 22. Qxh7 Rc8 23. Rd2 b4 24. axb4 Qa4 25. Kd1 Rxc2 26. Rxc2 Bb3 27.
Rhh2 Bxb4 28. Qc7+ Ke8 29. Nh5 Rf7 30. Qe5+ Kd7 31. Rhg2 Qc6 32. d5  1-0

[Event "20th 4NCL Congress"]
[Site "Nottingham"]
[Date "2018.09.30"]
[Round "4"]
[Board "1"]
[White "Arkell, Keith C"]
[Black "Sowray, Peter J"]
[Result "1-0"]
[WhiteElo "2432"]
[BlackElo "2340"]
[PlyCount "109"]
[EventDate "2018.09.28"]
[EventRounds "5"]
[EventCountry "ENG"]

1. Nf3 d5 2. c4 e6 3. d4 Nf6 4. cxd5 exd5 5. Nc3 c6 6. Bg5 Be7 7. e3 Bf5 8.
Bxf6 Bxf6 9. Bd3 Bg6 10. b4 Nd7 11. O-O Nb6 12. Rc1 Rc8 13. Ne2 O-O 14. Nf4
Bxd3 15. Nxd3 Nc4 16. a4 a5 17. Nd2 Nd6 18. Qb3 axb4 19. Qxb4 Be7 20. Qc3 Ra8
21. Ra1 Qa5 22. Qc2 Ra7 23. Nc5 Rfa8 24. Rfb1 Qc7 25. Ra2 b6 26. Nd3 Nc4 27.
Nxc4 dxc4 28. Qxc4 b5 29. Qc2 bxa4 30. Rc1 a3 31. g3 Rc8 32. Qc4 Qd6 33. Ne5
Bf6 34. Nxc6 Rac7 35. d5 Bb2 36. Rc2 g6 37. e4 Kg7 38. Kg2 h5 39. f4 Rd7 40.
Qb3 f5 41. Rcxb2 axb2 42. Qxb2+ Kh7 43. Ne5 Rdc7 44. Qb1 fxe4 45. Qxe4 Rd8 46.
Rd2 Kg7 47. Qd4 Kh7 48. Qe4 Kg7 49. Nxg6 Rc5 50. Ne7 Kf8 51. Qf5+ Kg7 52. Re2
Re8 53. Qg5+ Kf7 54. Qxh5+ Kg7 55. Nf5+  1-0

[Event "20th 4NCL Congress"]
[Site "Nottingham"]
[Date "2018.09.30"]
[Round "4"]
[Board "2"]
[White "Merry, Alan B"]
[Black "Moore, Graham J"]
[Result "1-0"]
[WhiteElo "2435"]
[BlackElo "2247"]
[PlyCount "91"]
[EventDate "2018.09.28"]
[EventRounds "5"]
[EventCountry "ENG"]

1. c4 e5 2. Nc3 Bb4 3. Qc2 Nf6 4. a3 Bxc3 5. Qxc3 Nc6 6. e3 O-O 7. b4 d5 8.
cxd5 Nxd5 9. Qc2 Re8 10. Bb2 Qd6 11. Nf3 e4 12. b5 exf3 13. bxc6 fxg2 14. Bxg2
Nf4 15. Be4 Rxe4 16. Qxe4 Nd3+ 17. Ke2 Nxb2 18. Qe8+ Qf8 19. Qxf8+ Kxf8 20.
Rab1 bxc6 21. Rxb2 Ba6+ 22. Kf3 Rd8 23. Rc1 Rd6 24. d4 Bb5 25. Rc5 Rh6 26. Kg2
Rg6+ 27. Kh1 Ke7 28. f3 Kd6 29. e4 Rh6 30. Rg2 g6 31. Kg1 f5 32. exf5 gxf5 33.
Rxf5 Re6 34. Rg7 Re2 35. Rxh7 Ra2 36. h4 Rxa3 37. h5 a5 38. h6 Ra1+ 39. Kg2
Bf1+ 40. Kf2 Bc4 41. Rf6+ Be6 42. Rg7 a4 43. Rgg6 a3 44. Rxe6+ Kd5 45. Rxc6 a2
46. Ra6  1-0

[Event "20th 4NCL Congress"]
[Site "Nottingham"]
[Date "2018.09.30"]
[Round "4"]
[Board "3"]
[White "Jackson, James P"]
[Black "Ilett, Raymond J"]
[Result "1-0"]
[WhiteElo "2371"]
[BlackElo "1856"]
[PlyCount "43"]
[EventDate "2018.09.28"]
[EventRounds "5"]
[EventCountry "ENG"]

1. e4 d5 2. exd5 Nf6 3. d4 Nxd5 4. Nf3 g6 5. c4 Nb6 6. Nc3 Bg7 7. h3 O-O 8. Be3
Nc6 9. Qd2 e5 10. d5 Ne7 11. g4 f5 12. Bh6 Nd7 13. Bxg7 Kxg7 14. O-O-O c5 15.
Qe3 fxg4 16. hxg4 Ng8 17. Ng5 Ndf6 18. Qxe5 h6 19. Ne6+ Bxe6 20. dxe6 Qe8 21.
Rd7+ Ne7 22. Nd5  1-0

[Event "20th 4NCL Congress"]
[Site "Nottingham"]
[Date "2018.09.30"]
[Round "4"]
[Board "4"]
[White "Alsina Leal, Daniel"]
[Black "Okhai, Shabir"]
[Result "1-0"]
[WhiteElo "2483"]
[BlackElo "2069"]
[PlyCount "73"]
[EventDate "2018.09.28"]
[EventRounds "5"]
[EventCountry "ENG"]

1. e4 e5 2. Nf3 Nc6 3. Bb5 a6 4. Ba4 Nf6 5. O-O Be7 6. Re1 b5 7. Bb3 d6 8. c3
O-O 9. h3 Nb8 10. d4 Nbd7 11. Nbd2 Bb7 12. Bc2 Re8 13. Nf1 Bf8 14. Ng3 g6 15.
a4 c5 16. d5 c4 17. Bg5 Be7 18. Qd2 Nc5 19. Bh6 Bf8 20. Bxf8 Rxf8 21. Qh6 Kh8
22. Ng5 Qe7 23. f4 Ncd7 24. fxe5 dxe5 25. d6 Qe8 26. Rf1 Rg8 27. Rxf6 Nxf6 28.
Rf1 Qf8 29. Qh4 Rg7 30. Rxf6 Bc8 31. Bd1 Qd8 32. Bg4 Kg8 33. Nxf7 Qb6+ 34. Kh2
Rxf7 35. Rxf7 Kxf7 36. Qxh7+ Kf6 37. Qe7#  1-0

[Event "20th 4NCL Congress"]
[Site "Nottingham"]
[Date "2018.09.30"]
[Round "4"]
[Board "5"]
[White "Waller, Dan"]
[Black "Hebden, Mark L"]
[Result "0-1"]
[WhiteElo "2092"]
[BlackElo "2426"]
[PlyCount "76"]
[EventDate "2018.09.28"]
[EventRounds "5"]
[EventCountry "ENG"]

1. e4 e5 2. Nf3 Nc6 3. Bc4 Nf6 4. Ng5 d5 5. exd5 Na5 6. Bb5+ c6 7. dxc6 bxc6 8.
Bd3 Nd5 9. h4 Bc5 10. Qf3 f5 11. Bxf5 O-O 12. Bxh7+ Kh8 13. Nf7+ Rxf7 14. Qxf7
Nf4 15. Qg8+ Qxg8 16. Bxg8 Kxg8 17. Rh2 Ne6 18. Nc3 Nd4 19. Kd1 Bb6 20. d3 c5
21. Bg5 c4 22. b4 Nac6 23. Nd5 cxd3 24. cxd3 Be6 25. Nxb6 axb6 26. h5 Bxa2 27.
Rxa2 Rxa2 28. h6 Nxb4 29. hxg7 Kxg7 30. Bh6+ Kf7 31. Be3 Nxd3 32. Rh7+ Ke6 33.
g4 Nxf2+ 34. Bxf2 Rxf2 35. g5 e4 36. Rh6+ Ke5 37. Rxb6 e3 38. Ke1 Nf3+  0-1

[Event "20th 4NCL Congress"]
[Site "Nottingham"]
[Date "2018.09.30"]
[Round "4"]
[Board "6"]
[White "Zapolskis, Antanas"]
[Black "Furness, Robert M"]
[Result "1-0"]
[WhiteElo "2277"]
[BlackElo "2042"]
[PlyCount "105"]
[EventDate "2018.09.28"]
[EventRounds "5"]
[EventCountry "ENG"]

1. e4 d6 2. d4 Nf6 3. Nc3 Nbd7 4. g4 h6 5. Be3 e5 6. d5 c6 7. Bg2 Nb6 8. h3 Nc4
9. Bc1 Be7 10. b3 Nb6 11. Nge2 Nbd7 12. Ng3 a5 13. Nf5 g6 14. Nxe7 Kxe7 15. g5
Nh5 16. Ne2 hxg5 17. Bxg5+ f6 18. Be3 Qg8 19. c4 c5 20. Bf3 Ng7 21. Nc3 b6 22.
h4 Qf7 23. Qd2 Ba6 24. a4 Rh7 25. O-O-O Rah8 26. Bg4 g5 27. h5 Nxh5 28. Be6 Qg7
29. Ne2 Nf4 30. Ng3 Kd8 31. Nf5 Qf8 32. Rxh7 Rxh7 33. Rg1 Bc8 34. Qd1 Kc7 35.
Kc2 Qh8 36. Qe1 Qd8 37. Rh1 Qh8 38. Rxh7 Qxh7 39. Bd2 Qh3 40. Bxa5 Bb7 41. Bxd7
Kxd7 42. Bxb6 Qd3+ 43. Kb2 Ne2 44. Ng3 Nd4 45. Qc3 Qd1 46. Ba5 Bc8 47. Nf5 Nxf5
48. exf5 Ke7 49. Qh3 Bxf5 50. Qxf5 Qd4+ 51. Kc2 e4 52. Qe6+ Kf8 53. Qxd6+  1-0

[Event "20th 4NCL Congress"]
[Site "Nottingham"]
[Date "2018.09.30"]
[Round "4"]
[Board "7"]
[White "French, Max"]
[Black "Willow, Jonah B"]
[Result "1/2-1/2"]
[WhiteElo "2074"]
[BlackElo "2271"]
[PlyCount "75"]
[EventDate "2018.09.28"]
[EventRounds "5"]
[EventCountry "ENG"]

1. d4 Nf6 2. c4 e6 3. Nc3 c5 4. d5 exd5 5. cxd5 d6 6. e4 g6 7. h3 Bg7 8. Nf3
O-O 9. Bd3 Nbd7 10. O-O Nh5 11. Bg5 Bf6 12. Be3 Ne5 13. Be2 Nxf3+ 14. Bxf3 Ng7
15. Qd2 Re8 16. Rfe1 a6 17. a4 Be5 18. a5 Bd7 19. Na4 Bxa4 20. Rxa4 Qd7 21. Qc2
f5 22. Bd2 f4 23. b4 c4 24. Ra3 Qb5 25. Rc1 Rac8 26. Be2 Rc7 27. Qa2 Rec8 28.
Bg4 Rf8 29. Be2 f3 30. Rxf3 Rxf3 31. gxf3 Qd7 32. f4 Bf6 33. Rxc4 Rxc4 34. Qxc4
Qxh3 35. Qd3 Qc8 36. Qc4 Qh3 37. Qd3 Qc8 38. Qc4  1/2-1/2

[Event "20th 4NCL Congress"]
[Site "Nottingham"]
[Date "2018.09.30"]
[Round "4"]
[Board "9"]
[White "Nettleton, Charlie B"]
[Black "Klingher, Dominic"]
[Result "1-0"]
[WhiteElo "2018"]
[BlackElo "2121"]
[PlyCount "65"]
[EventDate "2018.09.28"]
[EventRounds "5"]
[EventCountry "ENG"]

1. b3 e5 2. Bb2 Nc6 3. e3 Nf6 4. Bb5 Bd6 5. Na3 a6 6. Bxc6 dxc6 7. Nc4 Qe7 8.
Nxd6+ cxd6 9. d3 O-O 10. Ne2 Ng4 11. Ng3 f5 12. Qe2 Be6 13. h3 Nf6 14. O-O-O a5
15. Nh5 Nd5 16. e4 Nc7 17. f4 a4 18. exf5 Bxf5 19. g4 Bg6 20. fxe5 axb3 21.
axb3 d5 22. e6 Bxh5 23. gxh5 Qxe6 24. Qg4 Qxg4 25. hxg4 Rf2 26. Rdf1 Raf8 27.
Rxf2 Rxf2 28. g5 Rg2 29. h6 Ne6 30. Re1 Nxg5 31. hxg7 Nh3 32. Re8+ Kf7 33. Rf8+
 1-0

[Event "20th 4NCL Congress"]
[Site "Nottingham"]
[Date "2018.09.30"]
[Round "4"]
[Board "10"]
[White "Munshi, Aditya"]
[Black "Middleton, Paul G"]
[Result "1-0"]
[WhiteElo "2133"]
[BlackElo "1552"]
[PlyCount "47"]
[EventDate "2018.09.28"]
[EventRounds "5"]
[EventCountry "ENG"]

1. e4 c5 2. Nf3 d6 3. Bb5+ Bd7 4. Bxd7+ Qxd7 5. c4 Nc6 6. d4 cxd4 7. Nxd4 a6 8.
Nc3 e6 9. Be3 Be7 10. O-O Nf6 11. Qe2 O-O 12. f4 Rac8 13. Rad1 Qc7 14. b3 Rfd8
15. Kh1 Rd7 16. Rd3 Re8 17. Qf3 Bf8 18. Rfd1 Kh8 19. Bf2 Nxd4 20. Bxd4 Red8 21.
Bxf6 gxf6 22. f5 Bg7 23. Qg4 Re7 24. Rh3  1-0

[Event "20th 4NCL Congress"]
[Site "Nottingham"]
[Date "2018.09.30"]
[Round "4"]
[Board "11"]
[White "Webster, Richard J"]
[Black "Smith, Murray D"]
[Result "1/2-1/2"]
[WhiteElo "1931"]
[BlackElo "2225"]
[PlyCount "103"]
[EventDate "2018.09.28"]
[EventRounds "5"]
[EventCountry "ENG"]

1. d4 Nf6 2. c4 c5 3. d5 b5 4. Nf3 d6 5. Qc2 g6 6. e4 Bg7 7. cxb5 O-O 8. Bc4 a6
9. Nc3 Nbd7 10. bxa6 Nb6 11. Bb5 Bxa6 12. Bxa6 Rxa6 13. O-O Qa8 14. a4 Rb8 15.
Ra2 Nfd7 16. Bg5 Kf8 17. Nd2 Ne5 18. b3 Qb7 19. h3 Na8 20. f4 Nd7 21. Rf3 Nc7
22. Nd1 Raa8 23. Kh1 Na6 24. Qc1 Nb4 25. Ra3 Qa6 26. Qc4 Qa5 27. Qc1 Nb6 28. f5
Qa6 29. fxg6 hxg6 30. Nc4 Nxc4 31. bxc4 Be5 32. Nf2 Qc8 33. Ng4 Bd4 34. Qf4 Qe8
35. Rf1 Kg7 36. Bh6+ Kg8 37. e5 dxe5 38. Nxe5 Rb6 39. Qxf7+ Qxf7 40. Nxf7 Bb2
41. Raf3 Bf6 42. Ng5 Rxa4 43. Ne4 Bd4 44. Bg5 Bg7 45. Bxe7 Nxd5 46. Bxc5 Rb8
47. cxd5 Rxe4 48. Rd3 Rd8 49. Bb6 Rd7 50. Ba5 Ra4 51. Bd2 Rd4 52. Rxd4  1/2-1/2

[Event "20th 4NCL Congress"]
[Site "Nottingham"]
[Date "2018.09.30"]
[Round "4"]
[Board "12"]
[White "Chapman, Terry Pd"]
[Black "Ackley, Peter Je"]
[Result "1/2-1/2"]
[WhiteElo "2201"]
[BlackElo "2019"]
[PlyCount "34"]
[EventDate "2018.09.28"]
[EventRounds "5"]
[EventCountry "ENG"]

1. Nf3 g6 2. d4 Bg7 3. e4 d6 4. Bc4 Nf6 5. Qe2 O-O 6. e5 dxe5 7. dxe5 Nd5 8. h3
Be6 9. O-O Nc6 10. a3 Qc8 11. Re1 Rd8 12. Bd2 Nb6 13. Bxe6 Qxe6 14. Bc3 Na4 15.
Qb5 Nb6 16. Qe2 Na4 17. Qb5 Nb6  1/2-1/2

[Event "20th 4NCL Congress"]
[Site "Nottingham"]
[Date "2018.09.30"]
[Round "4"]
[Board "13"]
[White "Simpson, Derek"]
[Black "Barnes, Michael H"]
[Result "0-1"]
[WhiteElo "1660"]
[BlackElo "2184"]
[PlyCount "38"]
[EventDate "2018.09.28"]
[EventRounds "5"]
[EventCountry "ENG"]

1. e4 c5 2. Nf3 g6 3. g3 Bg7 4. Bg2 Nc6 5. d3 e5 6. c3 d6 7. O-O Nge7 8. Bg5 h6
9. Be3 O-O 10. Qc1 Kh7 11. Ne1 Bg4 12. h3 Be2 13. f4 Bxf1 14. Kxf1 f5 15. Ke2
Qd7 16. Nf3 b6 17. Qh1 Rad8 18. c4 exf4 19. gxf4 Bxb2  0-1

[Event "20th 4NCL Congress"]
[Site "Nottingham"]
[Date "2018.09.30"]
[Round "4"]
[Board "14"]
[White "Seymour, Timothy P"]
[Black "See, Tristian"]
[Result "1-0"]
[WhiteElo "2043"]
[BlackElo "1928"]
[PlyCount "37"]
[EventDate "2018.09.28"]
[EventRounds "5"]
[EventCountry "ENG"]

1. Nf3 d5 2. e3 c5 3. d4 e6 4. c4 Nc6 5. a3 dxc4 6. Bxc4 Nf6 7. O-O cxd4 8.
exd4 Be7 9. Nc3 O-O 10. Re1 Re8 11. Bg5 h6 12. Bf4 a6 13. Qd3 b5 14. Bb3 Na5
15. Bc2 Bb7 16. Ne5 Rf8 17. Ng4 Re8 18. Rxe6 Qd7 19. Nxf6+  1-0

[Event "20th 4NCL Congress"]
[Site "Nottingham"]
[Date "2018.09.30"]
[Round "4"]
[Board "15"]
[White "Dahl, Baard"]
[Black "Jamroz, Krzysztof"]
[Result "1/2-1/2"]
[WhiteElo "2113"]
[BlackElo "1999"]
[PlyCount "101"]
[EventDate "2018.09.28"]
[EventRounds "5"]
[EventCountry "ENG"]

1. e4 c5 2. Nf3 Nc6 3. Bb5 g6 4. Bxc6 dxc6 5. d3 Bg7 6. h3 Nf6 7. Nc3 O-O 8.
Be3 b6 9. Qd2 e5 10. Bh6 Qd6 11. O-O Nh5 12. Rae1 Be6 13. g4 Nf6 14. Bxg7 Kxg7
15. Ng5 h5 16. Nxe6+ Qxe6 17. f3 hxg4 18. fxg4 Rh8 19. Rf3 Raf8 20. Ref1 Nh7
21. Rg3 Qe7 22. g5 f6 23. gxf6+ Rxf6 24. Qg2 Rhf8 25. Rxf6 Qxf6 26. Nd1 Rf7 27.
h4 Qxh4 28. Rxg6+ Kf8 29. Qg3 Qxg3+ 30. Rxg3 Rg7 31. Kf2 Rxg3 32. Kxg3 Kg7 33.
Ne3 Kf6 34. Kh4 Ke6 35. Ng4 Nf8 36. Kg5 Nd7 37. b3 b5 38. Ne3 Nb6 39. Kg6 Nd7
40. Nf5 Nf8+ 41. Kg5 Nh7+ 42. Kh6 Nf6 43. Kg5 c4 44. Ng7+ Kf7 45. Nh5 cxb3 46.
cxb3 Nd7 47. Kf5 Ke7 48. b4 c5 49. bxc5 Nxc5 50. Kxe5 Nxd3+ 51. Kd4  1/2-1/2

[Event "20th 4NCL Congress"]
[Site "Nottingham"]
[Date "2018.09.30"]
[Round "4"]
[Board "16"]
[White "Modi, Kishan J"]
[Black "Agnew, Alan"]
[Result "1/2-1/2"]
[WhiteElo "1986"]
[BlackElo "2086"]
[PlyCount "66"]
[EventDate "2018.09.28"]
[EventRounds "5"]
[EventCountry "ENG"]

1. e4 c6 2. d4 d5 3. e5 c5 4. dxc5 Nc6 5. a3 Nxe5 6. b4 Nf6 7. Bb2 Nc6 8. c4 d4
9. b5 Na5 10. Qxd4 Qxd4 11. Bxd4 Nb3 12. Bxf6 gxf6 13. Ra2 Bf5 14. Nf3 Bxb1 15.
Rb2 Nxc5 16. Rxb1 O-O-O 17. Rd1 Rxd1+ 18. Kxd1 e6 19. Nd2 Bh6 20. Kc2 Rd8 21.
Nb3 Nxb3 22. Kxb3 Rd2 23. f3 Kc7 24. g3 e5 25. Bh3 Rd3+ 26. Kb2 Rxf3 27. Rd1 f5
28. Rf1 Rxf1 29. Bxf1 Kd6 30. Bg2 b6 31. Bd5 f4 32. Be4 Kc5 33. Kc3 Bg7  1/2-1/2